Statistics for Foreign Terrorist Organizations

Click here to take the quiz!

General Stats

  • This quiz has been taken 42 times
  • The average score is 9 of 68

Answer Stats

Area of OperationsYear AddedAnswer% Correct
Worldwide2004ISIS
94%
Worldwide1999al-Qa’ida
91%
Gaza Strip, West Bank, Israel, Egypt1997HAMAS
86%
Lebanon, Syria, Israel1997Hizballah
80%
Nigeria, Chad, Niger, northern Cameroon and Mali2013Boko Haram
71%
Somalia, Kenya, Ethiopia2008al-Shabaab
43%
Turkey, Syria1997Kurdistan Workers Party (PKK)
40%
Colombia2021Revolutionary Armed Forces of Colombia – People’s Army (FARC-EP)
40%
Sri Lanka1997*Liberation Tigers of Tamil Eelam (LTTE)
29%
Peru1997Shining Path (Sendero Luminoso, SL)
20%
Syria2014al-Nusrah Front
17%
Yemen, Saudi Arabia2010al-Qa’ida in the Arabian Peninsula (AQAP)
14%
Afghanistan, Pakistan, Tajikistan, Uzbekistan2016Islamic State Khorasan Province (ISIS-K)
14%
West Bank, Gaza Strip1997Palestine Islamic Jihad (PIJ)
14%
Philippines, Malaysia1997Abu Sayyaf
11%
Libya2016ISIS-Libya
11%
Ireland, Northern Ireland2001New Irish Republican Army
11%
Afghanistan and Pakistan2012Haqqani Network (HQN)
9%
Bangladesh2018ISIS-Bangladesh
9%
DRC, Uganda2021ISIS-DRC
9%
Philippines2018ISIS-Philippines
9%
Iran2019Islamic Revolutionary Guard Corps
9%
Pakistan, Afghanistan2010Tehrik-e Taliban Pakistan (TTP)
9%
Algeria, Mauritania, Mali, Tunisia, Libya2002al-Qa’ida in the Islamic Maghreb (AQIM)
6%
Iraq2004*Ansar al-Islam (AAI)
6%
Mozambique, Tanzania2021
ISIS-Mozambique
6%
Kashmir2017Hizbul Mujahideen (HM)
6%
Mali, Niger, Burkina Faso2018ISIS in the Greater Sahara (ISIS-GS)
6%
Chad, Nigeria2018ISIS-West Africa
6%
Lebanon, West Bank, Gaza Strip1997Palestine Liberation Front (PLF)
6%
Gaza Strip, Israel, Lebanon, Syria, West Bank1997Popular Front for the Liberation of Palestine (PFLP)
6%
Turkey1997Revolutionary People’s Liberation Party/Front (DHKP/C)
6%
Greece2009Revolutionary Struggle (RS)
6%
Israel, Syria, Lebanon, Arabian Peninsula2012*Abdallah Azzam Brigades
3%
Israel, West Bank, Gaza Strip2002Al-Aqsa Martyrs Brigade (AAMB)
3%
Bahrain2018al-Ashtar Brigades
3%
Primarily Mali2013al-Mulathamun Battalion, aka al-Murabitoun
3%
Pakistan, India, Bangladesh, Afghanistan2016al-Qa’ida in the Indian Subcontinent (AQIS)
3%
Mali2013*Ansar al-Dine (AAD)
3%
Libya2014Ansar al-Shari’a in Benghazi
3%
Libya2014Ansar al-Shari’a in Darnah
3%
Tunisia2014Ansar al-Shari’a in Tunisia
3%
Nigeria2013Ansaru
3%
Gaza Strip, Egypt, Israel2011Army of Islam (AOI)
3%
Iraq2020Asa’ib Ahl al-Haq
3%
Lebanon2002Asbat al-Ansar (AAA)
3%
Philippines2002Communist Party of the Philippines/New People’s Army (CPP/NPA)
3%
Ireland, Northern Ireland2004Continuity Irish Republican Army
3%
Egypt2021Harakat Sawa’d Misr
3%
Bangladesh2008Harakat ul-Jihad-i-Islami/Bangladesh (HUJI-B)
3%
Pakistan, Bangladesh2010Harakat ul-Jihad-i-Islami (HUJI)
3%
Pakistan, Kashmir1997Harakat ul-Mujahidin
3%
India2011Indian Mujahedeen (IM)
3%
Egypt2014ISIS-Sinai Province
3%
Pakistan, Uzbekistan, Turkey and Germany2005Islamic Jihad Union (IJU)
3%
Uzbekistan, Afghanistan, Pakistan, Xinjiang2000Islamic Movement of Uzbekistan
3%
Kashmir, Pakistan
2001Jaish-e-Mohammed
3%
Mali, Burkina Faso, Niger2018Jama’at Nusrat al-Islam wal-Muslimin
3%
Iran2011Jaysh al-Adl
3%
Iraq2015*Jaysh Rijal al-Tariq al Naqshabandi (JRTN)
3%
Indonesia2012Jemaah Anshorut Tauhid (JAT)
3%
Australia, Brunei, East Timor, Indonesia, Malaysia, Philippines, Singapore2002Jemaah Islamiya (JI)
3%
Iraq2009Kata’ib Hizballah (KH)
3%
Kashmir, Pakistan2001Lashkar-e-Tayyiba (LeT)
3%
Pakistan, Afghanistan2003Lashkar i Jhangvi (LJ)
3%
Colombia1997National Liberation Army (ELN)
3%
Syria1997PFLP-General Command
3%
Colombia, Venezuela2021Segunda Marquetalia
3%

Score Distribution

Percentile by Number Answered

Percent of People with Each Score

Your Score History

You have not taken this quiz